Zapýrený bán

Bibliographic Details
Main Author: Karadžić, Vuk Stefanović, 1787-1864 (Author)
Other Authors: Herko, Miloš, 1958- (Translator), Moravčík, Štefan, 1943- (Translator), Jastrebic, Blagoje ([ADC])
Format: Book
Language:Slovak
PhysicalDescription:96 s., 3,36 AH 20 cm
Published: Bratislava Slovenský spisovateľ 1989
ISBN:8022001392
Edition:1. vyd.
Series:Kruh milovníkov poézie Zv. 175.

MARC

LEADER 00000nam a2200000 a 4500
001 vtls001060871
003 SK-MaSNL
005 20260301232628.0
008 250414s1989 xo 0 slo
015 |a SNBA1990/04 
020 |a 8022001392 
035 |a SNK000003699 
040 |a SNK  |b slo  |c SNK  |e AACR2 
041 0 |a slo 
044 |a xo  |c SK 
080 |a 886.1-1  |2 1981 
080 |a 398(=861)  |2 1981 
100 1 |a Karadžić, Vuk Stefanović,  |d 1787-1864  |4 aut  |9 166516 
245 1 0 |a Zapýrený bán  |c Vuk Stefanovic Karadžic ; Miloš Herko, Štefan Moravčík, Blagoje Jastrebic, Peter Kľúčik, Ľubomír Krátky 
250 |a 1. vyd. 
260 |a Bratislava  |b Slovenský spisovateľ  |c 1989  |e Banská Bystrica  |f Tlačiarne SNP 
300 |a 96 s., 3,36 AH  |c 20 cm 
366 |e 2000 výtl. 
490 0 |a Kruh milovníkov poézie  |v Zv. 175. 
500 |a Prémia - nepredajné. Rozlož. ilustr. tit. list. Ilustr. na predsádkach. 
700 1 |a Herko, Miloš,  |d 1958-  |4 trl  |9 109795 
700 1 |a Moravčík, Štefan,  |d 1943-  |4 trl  |9 98697 
700 1 |a Jastrebic, Blagoje  |4 [ADC]  |9 626538 
700 1 |a Kľúčik, Peter,  |d 1953-  |4 bkd  |9 99159 
700 1 |a Krátky, Ľubomír,  |d 1939-2022  |4 bkd  |9 109701 
852 |a Slovenská národná knižnica 
919 |a 80-220-0139-2 
954 |a poézia ľudová srbská  |a básne erotické 
958 |a OND 
958 |a LX 
958 |a TL 
958 |a UP 
999 |c 962049  |d 963979 
952 |t P60, <05>, [BOOK], {605}  |a SNK  |b SNK  |y PREZ  |7 0  |p 17A0196100  |o snkSC 76490 D1  |0 0  |1 0  |4 0  |d 1999-06-15  |l 0  |r 2004-12-31 00:00:00  |w 2026-02-24 
952 |a SNK  |b SNK  |y PREZ  |7 0  |p 17A0997823  |o snkSC 76490   |0 0  |1 0  |4 0  |d 2012-08-11  |l 0  |r 2026-02-24 10:23:34  |w 2026-02-24